000 00988cam a2200253 4500
001 ABS63526
008 000000n2001 000 0 eng u
035 _a(Sirsi) u111028
100 _aButton, R.
245 _aPrinciples for the valuation of variations
260 _c2001
490 _aCSM
_bChartered Surveyor Monthly
_vFebruary 2001, 31(1)
520 _aFirst of a two part article discussing the principles to be used in the valuation of variations. With reference to "Henry Boot Ltd v Alstom" (2000) considers the outcome of an error in calculation in the bill rates on the valuation of varied work.
590 _aABS
650 _aHENRY BOOT CONSTRUCTION V ALSTOM COMBINED CYCLES
650 _aVALUATION OF VARIATIONS
650 _aBILLS OF QUANTITIES
650 _aREASONABLENESS
650 _aVARIATIONS
650 _aICE CONDITIONS OF CONTRACT (SIXTH EDITION)
650 _aCONTRACT CLAIMS
690 _aBUILT ENVIRONMENT-BUILDING CONTRACT FORMS
942 _n0
999 _c66164
_d66164